|
|
|
|
| LEADER |
00000naa a2200000uu 4500 |
| 001 |
vtls010955446 |
| 003 |
SK-MaSNL |
| 005 |
20260302125916.0 |
| 008 |
210905|1995 xo |||||||||||||||||slo| |
| 015 |
|
|
|a SNBRA
|
| 035 |
|
|
|a (urnnbn)urn:nbn:sk:snk:ar-a0bn7h
|
| 035 |
|
|
|a (uuid)6fca233f-0131-4330-bfbe-641d88f9e7c8
|
| 035 |
|
|
|a urn:nbn:sk:snk-aauf5m
|
| 040 |
|
|
|a SNKBUCL
|b slo
|c SNKBUCL
|e AACR2
|
| 041 |
0 |
|
|a slo
|
| 044 |
|
|
|a xo
|c SK
|
| 100 |
1 |
|
|a Hric, J.
|4 aut
|9 784684
|
| 245 |
1 |
0 |
|a Využitie genetických zdrojov v šľachtení tráv
|c J. Hric, V. Schwartz
|
| 246 |
3 |
|
|a Exploatation of genetic resources in grass breeding
|
| 700 |
1 |
|
|a Schwartz, V.
|4 aut
|9 813448
|
| 773 |
0 |
|
|t Ochrana biodiverzity rastlín
|d Nitra : Vysoká škola poľnohospodárska, 1995
|g S. 107-108
|z 8071372315
|
| 958 |
|
|
|a OND
|
| 958 |
|
|
|a article11
|
| 958 |
|
|
|a chapter
|
| 999 |
|
|
|c 1296383
|d 1298313
|